Library Banner

Practical bookkeeping and accounts (Record no. 10966)

MARC details
000 -LEADER
fixed length control field 00425nam a2200169Ia 4500
001 - CONTROL NUMBER
control field 9902
008 - FIXED-LENGTH DATA ELEMENTS--GENERAL INFORMATION
fixed length control field 140327s9999 xx 000 0 und d
020 ## - INTERNATIONAL STANDARD BOOK NUMBER
International Standard Book Number 9971-49-149-4
040 ## - CATALOGING SOURCE
Transcribing agency PK-LaUMT
082 ## - DEWEY DECIMAL CLASSIFICATION NUMBER
Classification number 657.2
Item number FAV-P
100 ## - MAIN ENTRY--PERSONAL NAME
Personal name Favell. A. J.
245 ## - TITLE STATEMENT
Title Practical bookkeeping and accounts
Statement of responsibility, etc Favell. A. J.
260 ## - PUBLICATION, DISTRIBUTION, ETC. (IMPRINT)
Place of publication, distribution, etc Singapore,Singapore:
Name of publisher, distributor, etc Graham Brash,
Date of publication, distribution, etc 1989
300 ## - PHYSICAL DESCRIPTION
Extent 505 p.
546 ## - LANGUAGE NOTE
Language note EN
942 ## - ADDED ENTRY ELEMENTS (KOHA)
Koha item type Books
Holdings
Withdrawn status Lost status Damaged status Not for loan Home library Current library Date acquired Total Checkouts Full call number Barcode Date last seen Price effective from Koha item type
        UMT Main Campus UMT Main Campus 2014-03-27   657.2 FAV-P 10662 2014-03-27 2014-03-27 Books